Catálogo
Digital

Catálogo
Digital

Géneros periodísticos complementarios : (Record no. 5911)

MARC details
000 -LEADER
campo de control de longitud fija 01925nam a2200313Ia 4500
000 - LEADER
campo de control de longitud fija nam a22 i 4500
001 - NÚMERO DE CONTROL
campo de control UNACH-7311
007 - CAMPO FIJO DE DESCRIPCIÓN FÍSICA--INFORMACIÓN GENERAL
campo de control de longitud fija ta
008 - DATOS DE LONGITUD FIJA--INFORMACIÓN GENERAL
campo de control de longitud fija 221212s ||||fr|||| 00| | spa d
020 ## - NÚMERO INTERNACIONAL ESTÁNDAR DEL LIBRO
Número Internacional Estándar del Libro 978-6-07-768611-8
041 0# - CÓDIGO DE IDIOMA
Código de lengua del texto/banda sonora o título independiente spa
082 04 - NÚMERO DE LA CLASIFICACIÓN DECIMAL DEWEY
Número de clasificación 070.4
Número de ítem Periodismo
100 1# - ENTRADA PRINCIPAL--NOMBRE DE PERSONA
Nombre de persona López Hidalgo, Antonio,
Término indicativo de función/relación autor
245 10 - MENCIÓN DEL TÍTULO
Título Géneros periodísticos complementarios :
Resto del título Una aproximación crítica a los formatos del periodismo visual.
264 31 - PRODUCCIÓN, PUBLICACIÓN, DISTRIBUCIÓN, FABRICACIÓN Y COPYRIGHT
Producción, publicación, distribución, fabricación y copyright México :
Nombre del de productor, editor, distribuidor, fabricante Alfaomega Grupo Editor S.A,
Fecha de producción, publicación, distribución, fabricación o copyright [Fecha de publicación no identificada]
300 ## - DESCRIPCIÓN FÍSICA
Extensión 266 páginas :
Otras características físicas ilustraciones y tablas
336 ## - TIPO DE CONTENIDO
Término de tipo de contenido texto
Código de tipo de contenido txt
Fuente rdacontent
337 ## - TIPO DE MEDIO
Nombre/término del tipo de medio no mediado
Código del tipo de medio n
Fuente rdamedia
338 ## - TIPO DE SOPORTE
Nombre/término del tipo de soporte volumen
Código del tipo de soporte nc
Fuente rdacarrier
504 ## - NOTA DE BIBLIOGRAFÍA, ETC.
Nota de bibliografía, etc. Incluye Contenido, Bibliografía y Hemerografía
505 0# - NOTA DE CONTENIDO CON FORMATO
Nota de contenido con formato Géneros periodísticos: controversias, desencuentros, clasificaciones y propuestas.-- Una aproximación crítica a los formatos del periodismo visual.-- Los géneros periodísticos complementarios.-- La estructura interna de los géneros periodísticos complementarios.-- Nuevos formatos de información gráfica en el periodismo visual: la infografía.--
520 3# - RESUMEN, ETC.
Sumario, etc. El relato interpretativo completo es la suma de cuatro ingredientes: acontecimiento principal, antecedentes y circunstancias actuales, reacciones e interpretaciones. El libro contiene elementos para el desarrollo del Periodismo de interpretación, la pieza fundamental que servía para contextualizar, explicar y analizar los hechos, el cordón umbilical que nos enlazaba el pasado con el presente y que posiblemente nos permita adivinar o esgrimir el futuro. Considera géneros periodísticos a la fotonoticia y la infografía y subgéneros al infograma y a los distintos gráficos informativos.
650 14 - PUNTO DE ACCESO ADICIONAL DE MATERIA--TÉRMINO DE MATERIA
Término de materia o nombre geográfico como elemento de entrada COMUNICACIÓN
650 24 - PUNTO DE ACCESO ADICIONAL DE MATERIA--TÉRMINO DE MATERIA
Término de materia o nombre geográfico como elemento de entrada GRABACIÓN DE INFORMACIÓN
650 24 - PUNTO DE ACCESO ADICIONAL DE MATERIA--TÉRMINO DE MATERIA
Término de materia o nombre geográfico como elemento de entrada PRENSA
653 0# - TÉRMINO DE INDIZACIÓN--NO CONTROLADO
Término no controlado Periodismo.
942 ## - ELEMENTOS DE ENTRADA SECUNDARIOS (KOHA)
Fuente del sistema de clasificación o colocación Clasificación Decimal Dewey
Tipo de ítem Koha Libros
Suprimir en OPAC No
Holdings
Estado de pérdida Fuente del sistema de clasificación o colocación Estado de daño No para préstamo Biblioteca de origen Biblioteca actual Sección Fecha de adquisición Total de préstamos Signatura topográfica completa Código de barras Visto por última vez Precio de reemplazo Tipo de ítem Koha
  Clasificación Decimal Dewey     Biblioteca Campus Norte Biblioteca Campus Norte Comunicación 08/01/2015   070.4 LOP L007050 L007050 15/12/2022 15/12/2022 Libros
  Clasificación Decimal Dewey     Biblioteca Campus Norte Biblioteca Campus Norte Comunicación 08/01/2015   070.4 LOP L007090 L007090 15/12/2022 15/12/2022 Libros
  Clasificación Decimal Dewey     Biblioteca Campus Norte Biblioteca Campus Norte Comunicación 16/06/2016   070.4 LOP L012755 L012755 15/12/2022 15/12/2022 Libros
  Clasificación Decimal Dewey     Biblioteca Campus Norte Biblioteca Campus Norte Comunicación 16/06/2016   070.4 LOP L012756 L012756 15/12/2022 15/12/2022 Libros
  Clasificación Decimal Dewey     Biblioteca Campus Norte Biblioteca Campus Norte Comunicación 16/06/2016   070.4 LOP L012757 L012757 15/12/2022 15/12/2022 Libros
  Clasificación Decimal Dewey     Biblioteca Campus Norte Biblioteca Campus Norte Comunicación 06/07/2016   070.4 LOP L012804 L012804 15/12/2022 15/12/2022 Libros

Powered by Koha